| 000 | 00821nam a2200253 a 4500 | ||
|---|---|---|---|
| 001 | 25731 | ||
| 003 | CO-ViMGA | ||
| 008 | 141112s2004 ck r 000 u spa d | ||
| 020 | _a9789588461243 | ||
| 040 |
_aCO-ViMGA _bspa _cCO-ViMGA |
||
| 041 | _aSPA | ||
| 082 | 0 | 4 | _a322.42 B23c |
| 100 | 1 |
_aBehar, Olga _918032 |
|
| 245 | 1 | 0 |
_aEl caso Klein : _bel origen del paramilitarismo en Colombia / _cOlga Behar y Carolina Ardila Behar |
| 250 | _a1a ed. | ||
| 260 |
_aBogotá : _bIcono, _c2012 |
||
| 300 | _a222 p. : fot. col. | ||
| 500 | _aIncluye datos biográficos de las autoras. Incluye bibliografía | ||
| 600 |
_aKLEIN, YAIR - ENTREVISTAS _939699 |
||
| 650 | 1 | 4 |
_aMERCENARIOS - COLOMBIA _939700 |
| 650 | 1 | 4 |
_aPARAMILITARISMO - HISTORIA - COLOMBIA _939701 |
| 700 | 1 |
_aArdila Behar, Carolina _939702 |
|
| 942 |
_2ddc _cBK |
||
| 999 |
_c5298 _d5298 |
||